|
|
|
|
| LEADER |
00000nam a22000007a 4500 |
| 005 |
20210422234155.0 |
| 007 |
cr|||| ||| |
| 008 |
210422s2019 br |||||s|||| 00||0 por d |
| 035 |
|
|
|a 33093
|
| 040 |
|
|
|a vLex
|
| 090 |
|
|
|c 11508
|d 11508
|
| 100 |
1 |
|
|a Wagner, Daize Fernanda
|
| 245 |
1 |
0 |
|a Identidades ťnicas em juz̕o
|h [Recurso electrn̤ico] :
|b O Caso Raposa Serra do Sol /
|c Daize Fernanda Wagner
|
| 256 |
|
|
|a Servicio en ln̕ea
|
| 260 |
|
|
|a Belo Horizonte:
|b Initia Via Editora,
|c 2019
|
| 300 |
|
|
|a 1 recurso electrn̤ico
|
| 506 |
1 |
|
|a Disponible solo en los productos indicados
|d vLex Global
|d vLex Global (Academic Edition, excluding Law Schools)
|d vLex Global (U.S. Academic Edition, Law Schools)
|d vLex Global (U.S. Academic Edition, excluding Law Schools)
|d vLex Global (Academic Edition, Law Schools)
|
| 650 |
0 |
4 |
|a Ciencias sociales
|z Brasil
|
| 740 |
0 |
|
|a vLex Libros (Servicio en ln̕ea)
|
| 856 |
4 |
0 |
|u https://vlex.com/source/identidades-etnicas-juizo-caso-raposa-serra-sol-33093
|z Acceso restringido
|
| 942 |
|
|
|c BOOK
|
| 999 |
0 |
|
|a Social Sciences
|